000 00928nas a2200301 4500
001 BR2012001678
003 BR-BrBNA
005 20231205120303.0
007 ta
008 230509b bl.|||p| |||| 00| 00por d
040 _aBR-BrBNA
_bpor
_cBiblioteca Nacional de Agricultura
041 _a(Pt)
072 _aL51; Q04
100 1 _aSoares Filho, C.V.
100 1 _aMachado Júnior, A.
245 1 _aAvaliação da produção e qualidade do leite de vacas leiteiras suplementadas com Organew Forte
650 _aGADO LEITEIRO
650 _aFERMENTO
650 _aSUPLEMENTO ALIMENTAR
650 _aCONVERSÃO ALIMENTAR
650 _aGANHO DE PESO
650 _aLEITE
650 _aQUALIDADE
650 _aCOMPOSIÇÃO QUÍMICA
773 0 _tA Hora Veterinária (Brazil)
_xISSN 0101-9163
_g(Mar-Apr 2009), v. 28(168) p. 11-14
_wBR2012001678
909 _a202311
_bLúcia
_c55
_dLúcia Elande
942 _2AGRIS
_n0
_cANA
999 _c217752
_d217752